000 01597nam0a2200373 4500
001 RU\NLR\bibl\930692
005 20260405101704.0
010 _a5-85493-071-4
_93000
021 _aRU
_b2006-6401
_9306
035 _a(nilc)RSL-KNO-002838334
035 _a(NLR Aleph) 000918923
090 _a87258
_c87258
100 _a20060310d2005 |||y0rusy50 ca
101 0 _arus
102 _aRU
105 _aa |||||||||
106 _ar
200 1 _aЭлектрическая стимуляция сердца
_fВ.Л. Козлов
210 _aКрасногорск
_cОверлей
_d2005
_eКрасногорск
_gОверлей
215 _a211 с.
_cил.
_d25
225 1 _aКардиология
320 _aБиблиогр. в конце разд.
606 1 _aСердце
_xАритмии
_xЭлектростимуляция
_91625050
_3RU\NLR\auth\661015639
610 0 _aЗдравоохранение. Медицинские науки -- Внутренние болезни -- Болезни сердечно-сосудистой системы -- Кардиология -- Сердечно-сосудистая недостаточность -- Кардиостимулятор
686 _aР410.109-542,0
_2rubbk
686 _aР457.365.010.9-599.9
700 1 _4070
_8rus
_7ca
_aКозлов
_bВ. Л.
_cд-р мед. наук
_gВладимир Львович
_3RU\NLR\auth\7737584
_920572
801 0 _aRU
_bРКП
_c20060310
_grcr
801 1 _aRU
_bРГБ
_c20060310
801 2 _aRU
_bNLR
_c20060412
_grcr
942 _cBOOK
980 _aNB
980 _aNBR